000 01773nam0a2200373 4500
001 RU\NLR\BIBL_A\011601315
005 20260405144458.0
010 _a978-5-17-105716-9
_96000
021 _aRU
_b2017-98947
_97123
035 _a(NLR Aleph) 011601315
035 _a(RuMoRGB)009497032
090 _a10890742
_c10890742
100 _a20180124d2017 |||y0rusy50 ca
101 0 _arus
102 _aRU
105 _aac||zzzz0|1zd
200 1 _aВалентин Серов. Любимый сын, отец и друг
_eвоспоминания современников о жизни и творчестве выдающегося художника
_f[составление, предисловие, комментарии Тимофея Прокопова]
210 _aМосква
_cАСТ
_d2017 (макет 2018)
215 _a380, [3] с., [12] л. ил., цв. ил., портр.
_d21
225 1 _aВпервые
225 1 _aПортрет эпохи
320 _aБиблиогр. в примеч.: с. 360-364
320 _aАннот. указ имен: с. 365-381
333 _a12+
517 1 _aЛюбимый сын, отец и друг
600 1 _aСеров
_bВ.А.
_f1865 - 1911
_gВалентин Александрович
_jВоспоминания, записки и т.п
_9895794
_3RU\NLR\AUTH\66324836
686 _aЩ143(2Р=Р)53-8Серов В.А.14я43
_2rubbk
686 1 _aЩ143(2Р=Р)53-8Серов
702 1 _4570
_7ca
_8rus
_aСеров
_bВ. А.
_cхудожник
_f1865-1911
_gВалентин Александрович
_942992
_3RU\NLR\AUTH\7760061
702 1 _aПрокопов
_bТ. Ф.
_gТимофей Федорович
_4220
942 _cBOOK
980 _aNB